International protection of trade union freedom (Record no. 371228)

000 -LEADER
fixed length control field 00365cam a22001217a 4500
008 - FIXED-LENGTH DATA ELEMENTS--GENERAL INFORMATION
fixed length control field 180718b1957 xxu||||| |||| 00| 0 eng d
082 ## - DEWEY DECIMAL CLASSIFICATION NUMBER
Classification number R8 J421
100 ## - MAIN ENTRY--PERSONAL NAME
Personal name Jenks, C. Wilfed
245 ## - TITLE STATEMENT
Title International protection of trade union freedom
Statement of responsibility, etc. by C. Wilfred Jenks
260 ## - PUBLICATION, DISTRIBUTION, ETC.
Place of publication, distribution, etc. London
Name of publisher, distributor, etc. Stevens
Date of publication, distribution, etc. 1957
300 ## - PHYSICAL DESCRIPTION
Extent 592p.
650 ## - SUBJECT ADDED ENTRY--TOPICAL TERM
Topical term or geographic name entry element Labour unions - International aspects
Holdings
Withdrawn status Lost status Damaged status Not for loan Permanent Location Current Location Date acquired Full call number Barcode Date last seen Price effective from Koha item type
        Indian Institute of Public Administration Indian Institute of Public Administration 1994-06-09 R8 J421 11440 2018-07-21 2018-07-21 Book

Powered by Koha